000 01031nam a2200289 a 4500
008
020 _a0080299490 (pbk.) 2v
020 _a0080299490 (pbk.) 3v
020 _a0080299474 (pbk.) 4v
049 _aMAIN
090 _aTJ810
_bSOL
111 2 _aSolar World Congress
_n(8th :
_d1983 :
_cPerth, W.A.)
245 1 0 _aSolar world congress :
_bproceedings of the Eighth Biennial Congress of the International Solar Energy Society, Perth, 14-19 August, 1983 /
_cedited by S.V. Szokolay.
260 _aOxford :
_bPergamon Press,
_c1984.
300 _a2v (v, 1361 p.), :
_bill. ;
_c23 cm.
300 _a3v (xxvi, 2063 p.), :
_bill. ;
_c24 cm.
300 _a4v (v, 2797 p.), :
_bill. ;
_c23 cm.
500 _aIncludes index.
504 _aIncludes bibliographical references.
650 0 _aSolar energy
_xCongresses.
700 1 _aSzokolay, S. V.
907 _a.b10138912
_b10-06-14
_c25-10-04
003
005 20230123134351.0
040 _cNUST
942 _cBOOKS
_kTJ810
_mSOL
999 _c164690
_d164690